zpět

Detail výsledku týmu

MusiClub Drago, Nový Jičín

Datum a čas kvízu

30.5 Celkem bodů Celkový počet nahraných bodů na tomto kvízu bez doplňovacích otázek.
7. Pořadí na kvízu Konečné umístění týmu na tomto kvízu.

Zaznamenané odpovědi

# Otázka Odpověď Body Výsledky
1. První Češka v historii pronikl... Věra Jourová 1
2. O víkendu došlo k teroristický... na Srí Lance 1
3. Ministr kultury Antonín Staněk... Národní galerie; Muzeum umění Olomouc (stačí uvést Národní galerie a Muzeum Olomouc) 0.5
4. Známé francouzské herní studio... Ubisoft 1
5. Minulý čtvrtek oslavil 50. nar... Robert Změlík 0
6. V pondělí v podvečer zachvátil... svatý Ludvík (Louis) 0
7. Jeruzalémský Chrám, dle Bible... Šalamoun (též Šalomoun) 0
8. Město, ke kterému odkazuje tat... Drážďany 0
9. Stavba Národního divadla v Pra... František Josef I. 0
10. Více než padesát metrů a skoro... v Afghánistánu 0